[Event "CZE-chT2F 2223"]
[Site "Czech Republic"]
[Date "2023.03.26"]
[Round "11"]
[White "Letovanec, Petr"]
[Black "Didi, Jan"]
[Result "1-0"]
[WhiteElo "1846"]
[BlackElo "1985"]
[PlyCount "137"]
[EventDate "2022.10.16"]
[EventType "team-tourn"]
[EventRounds "11"]
[EventCountry "CZE"]
[SourceTitle "EXT 2024"]
[Source "ChessBase"]
[SourceDate "2023.10.10"]
[SourceVersion "1"]
[SourceVersionDate "2023.10.10"]
[SourceQuality "1"]
[WhiteTeam "Trinec II"]
[BlackTeam "Ostrava II"]
[WhiteTeamCountry "CZE"]
[BlackTeamCountry "CZE"]

1. d4 d5 2. c4 e6 3. Nc3 Be7 4. Nf3 Nf6 5. Bf4 0-0 6. e3 b6 7. cxd5 exd5 8. Bd3 Bb7 9. 0-0 a6 10. Qb3 Nbd7 11. Ne5 c6 12. Bf5 b5 13. Nxd7 Nxd7 14. Rac1 Nb6 15. Rfd1 Bd6 16. Ne2 Qf6 17. Bxd6 Qxd6 18. Qc2 g6 19. Bg4 Bc8 20. Bxc8 Raxc8 21. Qc5 Qxc5 22. Rxc5 Rc7 23. Rdc1 Rfc8 24. Nf4 Kf8 25. Nd3 Nd7 26. R5c3 a5 27. Ra3 a4 28. Rac3 Ke7 29. Nb4 Kd6 30. Kf1 c5 31. Na6 Rc6 32. dxc5+ Nxc5 33. Nb4 R6c7 34. Rd1 d4 35. Rxd4+ Ke6 36. Nd5 Rc6 37. Nf4+ Ke7 38. Rb4 Rb8 39. Ne2 Na6 40. Rxb5 Rxb5 41. Rxc6 Rxb2 42. Nc3 Nb8 43. Rb6 Rxb6 44. Nd5+ Kd6 45. Nxb6 Kc5 46. Nxa4+ Kb4 47. Nb2 Ka3 48. Nc4+ Kxa2 49. Nd6 f5 50. e4 fxe4 51. Nxe4 Kb3 52. Ng5 h5 53. Ne6 Nc6 54. Nf4 Ne5 55. Ke2 Kc4 56. f3 Kd4 57. h4 Nd7 58. Nxg6 Nf6 59. Nf4 Ke5 60. Ke3 Kf5 61. g3 Ke5 62. Kd3 Kf5 63. Kd4 Ng4 64. fxg4+ Kxg4 65. Ne2 Kf3 66. Kd3 Kf2 67. g4 hxg4 68. h5 Kf3 69. h6 1-0